书目信息 |
| 题名: |
对冲基金与国际资产价格
|
|
| 作者: | 谢飞 著 | |
| 分册: | ||
| 出版信息: | 北京 首都经济贸易大学出版社 2019.10 |
|
| 页数: | 11, 200页 | |
| 开本: | 24cm | |
| 丛书名: | ||
| 单 册: | ||
| 中图分类: | F830.45 , F831.5 | |
| 科图分类: | ||
| 主题词: | 对冲基金--dui chong ji jin--研究 , 国际资本--guo ji zi ben--研究 | |
| 电子资源: | ||
| ISBN: | 978-7-5638-2972-9 | |
| 000 | 01083nam0 2200265 450 | |
| 001 | 2372200104 | |
| 005 | 20231125200335.85 | |
| 010 | @a978-7-5638-2972-9@dCNY45.00 | |
| 100 | @a20200106d2019 em y0chiy50 ea | |
| 101 | 0 | @achi@deng |
| 102 | @aCN@b110000 | |
| 105 | @aak a 000yy | |
| 200 | 1 | @a对冲基金与国际资产价格@Adui chong ji jin yu guo ji zi chan jia ge@f谢飞著 |
| 210 | @a北京@c首都经济贸易大学出版社@d2019.10 | |
| 215 | @a11, 200页@c图@d24cm | |
| 300 | @a北京市一流专业建设系列成果 本书获国家社会科学基金项目《新环境保护法下企业环境责任与财务绩效关系研究》 (16CJY040) 资助 | |
| 320 | @a有书目 (第190-200页) | |
| 330 | @a本书的研究抓住这一特征, 将“影子银行系统”主要构成之一的对冲基金作为国际流动性的代理变量, 深入分析其与国际资产价格波动之间的关系。内容包括: 文献综述 ; 系统风险的放大与传导: 对冲基金在次贷危机中的作用等。 | |
| 606 | 0 | @a对冲基金@Adui chong ji jin@x研究 |
| 606 | 0 | @a国际资本@Aguo ji zi ben@x研究 |
| 690 | @aF830.45@v5 | |
| 690 | @aF831.5@v5 | |
| 701 | 0 | @a谢飞@Axie fei@4著 |
| 801 | @aCN@b山东中教@c20231121 | |
| 905 | @aBZT@dF830.45@e89 | |
| 对冲基金与国际资产价格/谢飞著.-北京:首都经济贸易大学出版社,2019.10 |
| 11, 200页:图;24cm |
| 北京市一流专业建设系列成果 本书获国家社会科学基金项目《新环境保护法下企业环境责任与财务绩效关系研究》 (16CJY040) 资助 |
| ISBN 978-7-5638-2972-9:CNY45.00 |
| 本书的研究抓住这一特征, 将“影子银行系统”主要构成之一的对冲基金作为国际流动性的代理变量, 深入分析其与国际资产价格波动之间的关系。内容包括: 文献综述 ; 系统风险的放大与传导: 对冲基金在次贷危机中的作用等。 |
| ● |
| 相关链接 |
|
|
|
正题名:对冲基金与国际资产价格
索取号:F830.45/89
 
预约/预借
| 序号 | 登录号 | 条形码 | 馆藏地/架位号 | 状态 | 备注 |
| 1 | 2001049274 | 2001049274 | 中教第一批/山东中教(第一批)/744/ [索取号:F830.45/89] | 在馆 | |
| 2 | 2001049275 | 2001049275 | 中教第一批/山东中教(第一批)/744/ [索取号:F830.45/89] | 在馆 | |
| 3 | 2001049276 | 2001049276 | 中教第一批/山东中教(第一批)/744/ [索取号:F830.45/89] | 在馆 | |
| 4 | 2001049277 | 2001049277 | 中教第一批/山东中教(第一批)/744/ [索取号:F830.45/89] | 在馆 | |
| 5 | 2001049278 | 2001049278 | 中教第一批/山东中教(第一批)/744/ [索取号:F830.45/89] | 在馆 | |
| 6 | 2001049279 | 2001049279 | 中教第一批/山东中教(第一批)/744/ [索取号:F830.45/89] | 在馆 |